Countries by Alphabetically Near Countries - Statistics

General Stats
  • This quiz has been taken 162 times
  • The average score is 134 of 196
Answer Stats
Country % Correct
Albania
96%
Afghanistan
94%
Algeria
92%
Australia
92%
Armenia
91%
Austria
91%
Democratic Republic of the Congo
88%
Denmark
88%
Finland
88%
Azerbaijan
87%
Cape Verde
87%
France
87%
Gabon
87%
Ghana
87%
India
87%
Romania
87%
Iceland
86%
Andorra
85%
Argentina
85%
Germany
85%
Indonesia
85%
Angola
83%
United Kingdom
83%
United States
83%
Uruguay
83%
Bahamas
82%
Cameroon
82%
Chile
82%
Georgia
82%
Yemen
82%
Bangladesh
81%
Canada
81%
Chad
81%
Colombia
81%
Kazakhstan
81%
Antigua and Barbuda
79%
Bahrain
79%
Bhutan
79%
China
79%
Greece
79%
Japan
79%
Brunei
78%
Vietnam
78%
Barbados
77%
Belarus
77%
Bolivia
77%
Brazil
77%
Czech Republic
77%
Fiji
77%
Grenada
77%
Honduras
77%
Israel
77%
Jordan
77%
Kenya
77%
Laos
77%
Latvia
77%
Nicaragua
77%
Rwanda
77%
Benin
76%
Djibouti
76%
Jamaica
76%
Pakistan
76%
Dominica
74%
Federated States of Micronesia
74%
Iran
74%
Iraq
74%
Norway
74%
Zambia
74%
Belgium
73%
Belize
73%
Botswana
73%
Ivory Coast
73%
Moldova
73%
Qatar
73%
Russia
73%
Syria
73%
Croatia
72%
Ecuador
72%
Hungary
72%
Italy
72%
Maldives
72%
Netherlands
72%
Oman
72%
Philippines
72%
Republic of the Congo
72%
Venezuela
72%
Bosnia and Herzegovina
71%
Dominican Republic
71%
Egypt
71%
Malta
71%
Sri Lanka
71%
Cambodia
69%
Costa Rica
69%
Eswatini
69%
Guatemala
69%
Guyana
69%
Haiti
69%
Kyrgyzstan
69%
Comoros
68%
Cuba
68%
East Timor
68%
Ireland
68%
Luxembourg
68%
Nauru
68%
Nepal
68%
North Macedonia
68%
Portugal
68%
United Arab Emirates
68%
Kiribati
67%
Kuwait
67%
Lebanon
67%
Madagascar
67%
Mexico
67%
Nigeria
67%
Paraguay
67%
Peru
67%
South Sudan
67%
Central African Republic
65%
Estonia
65%
Papua New Guinea
65%
Suriname
65%
Tajikistan
65%
Cyprus
64%
El Salvador
64%
Eritrea
64%
Ethiopia
64%
Kosovo
64%
Senegal
64%
Tunisia
64%
Turkey
64%
Gambia
63%
Malawi
63%
Mauritius
63%
New Zealand
63%
Palau
63%
Panama
63%
Poland
63%
Burundi
62%
Liechtenstein
62%
Mali
62%
Namibia
62%
Tanzania
62%
Turkmenistan
62%
Zimbabwe
62%
Bulgaria
60%
Libya
60%
Saudi Arabia
60%
Spain
60%
Thailand
60%
Ukraine
60%
Vatican City
60%
Guinea
59%
Guinea-Bissau
59%
North Korea
59%
Lithuania
58%
Malaysia
58%
Monaco
58%
Samoa
58%
Togo
58%
Burkina Faso
56%
Sudan
56%
Switzerland
56%
Uganda
56%
Uzbekistan
56%
Lesotho
55%
Liberia
55%
Mozambique
55%
South Africa
55%
South Korea
55%
Vanuatu
55%
São Tomé and Príncipe
54%
Mongolia
54%
Montenegro
54%
Myanmar
54%
Niger
54%
Taiwan
54%
Equatorial Guinea
53%
Morocco
53%
Saint Vincent and the Grenadines
53%
Serbia
51%
Sweden
51%
Saint Kitts and Nevis
50%
San Marino
50%
Marshall Islands
49%
Trinidad and Tobago
49%
Tonga
47%
Tuvalu
47%
Saint Lucia
45%
Seychelles
45%
Somalia
45%
Mauritania
44%
Singapore
42%
Slovakia
42%
Solomon Islands
41%
Sierra Leone
38%
Slovenia
38%
No matching quizzes found
Score Distribution
Percent of People with Each Score
Percentile by Number Answered
Your Score History
You have not taken this quiz